000 01162nam a2200229Ia 4500
003 Ost
005 20260507075756.0
008 260507s9999||||xx |||||||||||||| ||und||
020 _a9789969537482
040 _cfsecg
041 _aara
082 _a657.45
100 _aخلاصي، عمر
_eمؤلف
245 0 _aالتوجه المستقبلي لتفعيل مهنة التدقيق الخارجي والداخلي في الإدارات العمومية /
_c عمر خلاصي
260 _aالجزائر :
_bدار إيلياء للنشر والتوزيع,
_c2024
300 _a97 صفحة؛
_bإيضاحات ؛
_c24 سم
504 _aالمراجع ص.86-97
520 _aآفاق تفعيل التدقيق الخارجي و الخارجي في الادارات العمومية ، مفهوم التدقيق المالي المحاسبي ، مفهوم التدقيق الداخلي و دروه ، معايير التدقيق الدولية ، فعالية محافظ الحسابات في التصديق على الحسابات .
653 _aالمعايير المحاسبية
653 _aمراجعة الحسابات
942 _cكتاب
999 _c46247
_d46247